00388nam a2200133Ia 4500008004100000040001100041050001100052100001400063245009500077260003500172300001500207650001500222999001700237 1971ru a er| a 1 a |c aABU,Za aRJ 401 aNosou, S. 0aInfectious diseases of childhood./cS. Nosou: translat from the Russian by A. Dronninilpva aMoscow :bMir Publishersc1971 a415p.:ill. aPediatrics c23345d23345